[Event "Budapest FS06 FM"]
[White "Navarro Coloma, Antonio"]
[Black "Farkas, Laszlo"]
[Site "Budapest"]
[Round "10"]
[Result "1-0"]
[Date "2019.06.11"]
[WhiteElo "1773"]
[BlackElo "1700"]
[PlyCount "55"]
[EventDate "2019.06.01"]
[EventType "tourn"]
[EventRounds "10"]
[EventCountry "HUN"]
[SourceTitle "EXT 2020"]
[Source "ChessBase"]
[SourceDate "2019.10.17"]
[SourceVersion "1"]
[SourceVersionDate "2019.10.17"]
[SourceQuality "1"]

1. d4 Nf6 2. Nf3 g6 3. Bf4 d6 4. e3 Bg7 5. Bd3 0-0 6. 0-0 Nc6 7. c3 Re8 8. Nbd2 e5 9. Bg5 h6 10. Bxf6 Bxf6 11. Qc2 Kg7 12. Rad1 Be6 13. Ne4 exd4 14. exd4 a6 15. Rfe1 Bg4 16. Re3 d5 17. Nxf6 Qxf6 18. Rde1 Be6 19. b4 b5 20. a4 Bd7 21. axb5 axb5 22. Ne5 Kh7 23. Rf3 Qg7 24. Rg3 f5 25. Rge3 Qf6 26. Qe2 f4 27. Bxg6+ Qxg6 28. Nxg6 1-0

[Event "Budapest FS06 FM"]
[White "Navarro Coloma, Antonio"]
[Black "Liptak, Tibor"]
[Site "Budapest"]
[Round "4"]
[Result "1-0"]
[Date "2019.06.04"]
[WhiteElo "1773"]
[BlackElo "1684"]
[PlyCount "89"]
[EventDate "2019.06.01"]
[EventType "tourn"]
[EventRounds "10"]
[EventCountry "HUN"]
[SourceTitle "EXT 2020"]
[Source "ChessBase"]
[SourceDate "2019.10.17"]
[SourceVersion "1"]
[SourceVersionDate "2019.10.17"]
[SourceQuality "1"]

1. d4 Nf6 2. Nf3 e6 3. Bf4 d5 4. e3 Nh5 5. Bd3 Nxf4 6. exf4 c5 7. c3 c4 8. Be2 Nd7 9. b3 b5 10. a4 Ba6 11. Nbd2 Qc7 12. axb5 Bxb5 13. bxc4 dxc4 14. Ne5 Nb6 15. Bf3 Nd5 16. Bxd5 exd5 17. Qf3 Rd8 18. 0-0 Be7 19. Rfe1 0-0 20. g3 Rd6 21. h4 Bd7 22. Nexc4 dxc4 23. Rxe7 Qd8 24. Re5 Bc6 25. Qe2 Qc8 26. f3 Rg6 27. Kh2 Qb7 28. Re3 Bb5 29. Re7 Bd7 30. Ne4 Re6 31. Rxe6 Bxe6 32. Nc5 Qd5 33. Nxe6 Re8 34. Rxa7 Rxe6 35. Qxc4 Qd8 36. d5 Rd6 37. Qa4 Rb6 38. Qd7 Qf8 39. Qc7 Rb2+ 40. Kh3 h5 41. d6 Qe8 42. Qe7 Qc8+ 43. d7 Qc4 44. d8Q+ Kh7 45. Qe4+ 1-0

[Event "Andalucia-chB"]
[White "Jimenez Urquijo, Juan Manuel"]
[Black "Navarro Coloma, Antonio"]
[Site "Algeciras"]
[Round "1"]
[Result "0-1"]
[Date "2018.05.18"]
[WhiteElo "1542"]
[BlackElo "1781"]
[PlyCount "116"]
[EventDate "2018.05.18"]
[EventType "swiss"]
[EventRounds "6"]
[EventCountry "ESP"]
[SourceTitle "EXT 2020"]
[Source "ChessBase"]
[SourceDate "2019.10.17"]
[SourceVersion "1"]
[SourceVersionDate "2019.10.17"]
[SourceQuality "1"]

1. Nf3 e6 2. e4 d5 3. exd5 exd5 4. Be2 Bd6 5. d4 Nf6 6. Bg5 0-0 7. Nbd2 Re8 8. 0-0 Bg4 9. Ne5 Bxe2 10. Qxe2 Nbd7 11. f4 c6 12. Qf3 Qb6 13. Nb3 Bxe5 14. fxe5 Rxe5 15. Be3 Re6 16. Kh1 Rae8 17. Bg1 Qb5 18. Rab1 Qe2 19. c3 Qxf3 20. Rxf3 Re1 21. Rf1 Rxf1 22. Rxf1 Re2 23. Rb1 b6 24. a4 Ne4 25. a5 Ndf6 26. axb6 axb6 27. h3 h6 28. Nc1 Re1 29. Ra1 Kh7 30. Nb3 Re2 31. Ra2 Nxc3 32. Ra6 Rxb2 33. Rxb6 Rb1 34. Kh2 Nfe4 35. Rb7 Kg6 36. Na5 Rxb7 37. Nxb7 Na4 38. Nd8 c5 39. dxc5 Naxc5 40. Nc6 Kf5 41. Nd4+ Ke5 42. Nf3+ Kd6 43. Nd4 g6 44. g4 Ne6 45. Nf3 N6g5 46. Nd4 Ne6 47. Nf3 Nf4 48. Be3 g5 49. h4 f6 50. hxg5 fxg5 51. Nd4 Ke5 52. Nc6+ Ke6 53. Nd4+ Kf6 54. Nf5 h5 55. Bd4+ Kg6 56. Ne7+ Kf7 57. gxh5 Kxe7 58. h6 Nf6 0-1

[Event "World Amateur-ch"]
[White "Tsolakidou, Stavroula"]
[Black "Navarro Coloma, Antonio"]
[Site "Neos Marmaras"]
[Round "8"]
[Result "1/2-1/2"]
[Date "2012.04.21"]
[WhiteElo "1846"]
[BlackElo "1946"]
[PlyCount "24"]
[EventDate "2012.04.16"]
[EventType "swiss"]
[EventRounds "9"]
[EventCountry "GRE"]
[SourceTitle "CBM 148 Extra"]
[Source "ChessBase"]
[SourceDate "2012.06.22"]
[SourceVersion "1"]
[SourceVersionDate "2012.06.22"]
[SourceQuality "1"]

1. e4 e6 2. d4 d5 3. e5 c5 4. c3 Nc6 5. Nf3 Qb6 6. Be2 cxd4 7. cxd4 Nge7 8. Na3 Nf5 9. Nc2 Bb4+ 10. Kf1 Be7 11. g3 Bd7 12. Kg2 Rc8 1/2-1/2

[Event "Barcelona Sant Marti op-B 13th"]
[White "Duran Gutierrez, Juan Luis"]
[Black "Navarro Coloma, Antonio"]
[Site "Barcelona"]
[Round "4.5"]
[Result "1/2-1/2"]
[Date "2011.07.16"]
[WhiteElo "1903"]
[BlackElo "1938"]
[PlyCount "22"]
[EventDate "2011.07.13"]
[EventType "swiss"]
[EventRounds "9"]
[EventCountry "ESP"]
[SourceTitle "EXT 2024"]
[Source "ChessBase"]
[SourceDate "2023.10.10"]
[SourceVersion "1"]
[SourceVersionDate "2023.10.10"]
[SourceQuality "1"]

1. e4 e6 2. d4 d5 3. exd5 exd5 4. Nf3 Bd6 5. Bg5 Nf6 6. Bd3 0-0 7. 0-0 Bg4 8. Nbd2 Nbd7 9. c3 c6 10. Qc2 Qc7 11. Rfe1 Rfe8 1/2-1/2

[Event "Barcelona Sant Marti op-B 13th"]
[White "Castellet Menchon, Didac"]
[Black "Navarro Coloma, Antonio"]
[Site "Barcelona"]
[Round "2.9"]
[Result "1/2-1/2"]
[Date "2011.07.14"]
[WhiteElo "1802"]
[BlackElo "1938"]
[PlyCount "28"]
[EventDate "2011.07.13"]
[EventType "swiss"]
[EventRounds "9"]
[EventCountry "ESP"]
[SourceTitle "EXT 2024"]
[Source "ChessBase"]
[SourceDate "2023.10.10"]
[SourceVersion "1"]
[SourceVersionDate "2023.10.10"]
[SourceQuality "1"]

1. e4 e6 2. d3 d5 3. Nd2 Nf6 4. g3 Be7 5. Bg2 b6 6. Ngf3 Bb7 7. e5 Nfd7 8. 0-0 c5 9. Re1 Nc6 10. Nf1 Qc7 11. Bf4 h6 12. h4 Nd4 13. N1h2 Nxf3+ 14. Nxf3 d4 1/2-1/2

[Event "San Marti op U20 12th"]
[White "Benet Saniger, Xavier"]
[Black "Navarro Coloma, Antonio"]
[Site "San Marti"]
[Round "2"]
[Result "1/2-1/2"]
[Date "2010.07.14"]
[WhiteElo "1727"]
[BlackElo "1954"]
[PlyCount "102"]
[EventDate "2010.07.13"]
[EventType "swiss"]
[EventRounds "9"]
[EventCountry "ESP"]
[SourceTitle "EXT 2012"]
[Source "ChessBase"]
[SourceDate "2011.11.24"]
[SourceVersion "1"]
[SourceVersionDate "2011.11.24"]
[SourceQuality "1"]

1. Nf3 e6 2. d4 d5 3. c4 c6 4. Nc3 Nf6 5. e3 Nbd7 6. cxd5 exd5 7. Bd3 Bd6 8. 0-0 0-0 9. Re1 Re8 10. Qc2 Nf8 11. h3 Ng6 12. e4 dxe4 13. Nxe4 Nd5 14. Bg5 Be7 15. a3 Bf5 16. Bxe7 Ngxe7 17. Neg5 Bxd3 18. Qxd3 Ng6 19. Qf5 Qf6 20. Qc2 h6 21. Ne4 Qf5 22. Rac1 Ndf4 23. Re3 Nd5 24. Ree1 Ngf4 25. Nh4 Nxh3+ 26. gxh3 Qxh3 27. Ng2 Re6 28. Ng3 Rg6 29. Re4 Re6 30. Rxe6 Qxe6 31. Re1 Qd7 32. Qe4 Nf6 33. Qf4 Re8 34. Rxe8+ Qxe8 35. Nf5 Kh7 36. Nge3 Nd5 37. Qg3 g6 38. Nd6 Qe7 39. Nxd5 cxd5 40. Qe5 Qd7 41. Qxd5 Qg4+ 42. Qg2 Qd1+ 43. Kh2 Qxd4 44. Ne4 Qe5+ 45. Kg1 Qxb2 46. Qf3 Kg7 47. Nd6 Qc1+ 48. Kg2 Qg5+ 49. Kh3 Qe7 50. Nxb7 Qd7+ 51. Kg2 Qe7 1/2-1/2

[Event "Seville op 33rd"]
[White "Larino Nieto, David"]
[Black "Navarro Coloma, Antonio"]
[Site "Seville"]
[Round "3"]
[Result "1-0"]
[Date "2008.01.07"]
[WhiteElo "2439"]
[BlackElo "1964"]
[PlyCount "75"]
[EventDate "2008.01.05"]
[EventType "swiss"]
[EventRounds "9"]
[EventCountry "ESP"]
[SourceTitle "CBM 122 Extra"]
[Source "ChessBase"]
[SourceDate "2008.03.04"]
[SourceVersion "1"]
[SourceVersionDate "2008.03.04"]
[SourceQuality "1"]

1. e4 e6 2. d3 d5 3. Nd2 Nf6 4. Ngf3 c5 5. c3 Nc6 6. g3 Be7 7. Bg2 d4 8. Qe2 e5 9. h3 b6 10. Nc4 Qc7 11. cxd4 cxd4 12. Bd2 Ba6 13. Rc1 Bxc4 14. Rxc4 Rc8 15. 0-0 Qd7 16. Rfc1 0-0 17. Qd1 b5 18. R4c2 Bd6 19. Nh4 Ne7 20. Bg5 Qe6 21. Rxc8 Rxc8 22. Rxc8+ Nxc8 23. Nf5 Ne7 24. Nxd6 Qxd6 25. f4 h6 26. fxe5 Qxe5 27. Bf4 Qc5 28. a4 Ng6 29. axb5 Qxb5 30. Qc2 Qb4 31. Kf2 Nh5 32. Bc7 Qe7 33. Bf3 Nf6 34. Qc6 Ne5 35. Qa8+ Kh7 36. Bxe5 Qxe5 37. Qxa7 Qb5 38. Qxd4 1-0

[Event "Mislata op-B 11th"]
[White "Althoff, Guntram"]
[Black "Navarro Coloma, Antonio"]
[Site "Mislata"]
[Round "4.6"]
[Result "1-0"]
[Date "2003.??.??"]
[WhiteElo "2147"]
[BlackElo "2027"]
[PlyCount "77"]
[EventDate "2003.08.19"]
[EventType "swiss"]
[EventRounds "9"]
[EventCountry "ESP"]
[SourceTitle "EXT 2004"]
[Source "ChessBase"]
[SourceDate "2003.11.25"]
[SourceVersion "1"]
[SourceVersionDate "2003.11.25"]
[SourceQuality "1"]

1. b4 e6 2. Bb2 Nf6 3. b5 d5 4. e3 a6 5. a4 axb5 6. axb5 Rxa1 7. Bxa1 c5 8. f4 c4 9. Nf3 Qa5 10. Nc3 Bc5 11. Qb1 Bd7 12. Be2 Ne4 13. Nxe4 dxe4 14. Ng5 Qxb5 15. Qxb5 Bxb5 16. Nxe4 Be7 17. Bxg7 Rg8 18. Bf6 Bc6 19. Bxe7 Bxe4 20. Bd6 Rxg2 21. Bxc4 Nd7 22. Bd3 Bc6 23. h4 h5 24. Bf1 Rg4 25. Rh2 Nf6 26. d3 Kd7 27. Be5 Nd5 28. Kf2 Nb4 29. Be2 Rg8 30. c3 Nd5 31. e4 Ne7 32. Bxh5 f5 33. Bf3 fxe4 34. dxe4 Ng6 35. Rg2 Ne7 36. h5 Rxg2+ 37. Bxg2 Ke8 38. h6 Kf7 39. h7 1-0